Flexible mechanisms of Kyoto protocol in conditions of Slovakia
Salvato in:
| Autore principale: | |
|---|---|
| Natura: | Libro |
| Lingua: | inglese |
| Pubblicazione: |
Bratislava
Prognostický ústav SAV
2004
|
| Serie: | Pracovné materiály
no. 9 |
| Soggetti: | |
| Tags: |
Nessun Tag, puoi essere il primo ad aggiungerne!!
|
MARC
| LEADER | 00000nam$a2200000$$$4500 | ||
|---|---|---|---|
| 001 | 0026559 | ||
| 005 | 20240313135323.0 | ||
| 022 | |a 0862-9137 | ||
| 041 | 0 | |a eng | |
| 044 | |a SK | ||
| 245 | 1 | 0 | |a Flexible mechanisms of Kyoto protocol in conditions of Slovakia |c Lívia Bíziková |
| 264 | 1 | |a Bratislava |b Prognostický ústav SAV |c 2004 | |
| 300 | |a 22 s. | ||
| 490 | 1 | |a Pracovné materiály |v no. 9 | |
| 830 | 0 | |a Pracovné materiály |v no. 9 | |
| 610 | 2 | 0 | |a ochrana prostredia životného |
| 610 | 2 | 0 | |a dohody medzinárodné |
| 610 | 2 | 0 | |a emisie |
| 610 | 2 | 0 | |a porovnanie medzinárodné |
| 610 | 2 | 0 | |a Slovensko |
| 100 | 1 | |a Bíziková, Lívia | |